000 00747nam a2200253Ia 4500
003 OSt
005 20220918194530.0
006 a|||||r|||| 00| 0
007 ta
008 220917b |||||||| |||| 00| 0 eng d
024 _a79,999
037 _cTextual
040 _aARTS
_cARTS
_beng
041 _2eng
_aeng
082 _aS:2:3z7, K9 (SD)
100 _aGross Charles G ed
_985481
245 0 _aReadings in physological psychology
_b motivation
260 _c1969
490 _aharper's physiological sychology series ed by H Ohikio Zeiger
650 _aPSYCHOLOGY
700 _a Zeigler H philip ed
_985482
942 _hS:2:3z7, K9 (SD)
_cTEXL
_2CC
999 _c203725
_d203725